| 000 | 00610nam a22001937a 4500 | ||
|---|---|---|---|
| 003 | BD-DhUL | ||
| 005 | 20180305132228.0 | ||
| 008 | 180301s1967 ii |||| |||| 000 0 ben d | ||
| 040 |
_aBD-DhUL _cBD-DhUL |
||
| 082 |
_a891.443 _bBIP |
||
| 100 | 1 | _aকর, বিমল। | |
| 245 | 0 | 0 |
_aপূর্ণ অপূর্ণ / _cবিমল কর। |
| 260 |
_aকলিকাতা : _bআনন্দ, _c১৯৬৭। |
||
| 300 |
_a২৬২ পৃ. ; _c২১ সেমি. |
||
| 365 |
_aIRS _b15.00 |
||
| 650 | 4 | _aবাংলা উপন্যাস | |
| 650 | 4 | _aBengali fiction | |
| 942 |
_2ddc _cBK |
||
| 999 |
_c238760 _d238760 |
||